000 00277nam a2200121Ia 4500
008 190216s9999||||xx |||||||||||||| ||und||
100 _aMulkiraj Anand
245 0 _aUntouchable
260 _bOrient Paper Back
_c1970
300 _a181p
650 _aEnglish Novel
942 _cBK
999 _c13385
_d13385